| 000 | 00602nam a2200193 4500 | ||
|---|---|---|---|
| 003 | OSt | ||
| 005 | 20260601171007.0 | ||
| 008 | 260506b\\\\\\\\||||||||\||||\00|\0\eng\d | ||
| 040 |
_aICI _bspa _cICI |
||
| 050 |
_aHT166 _bP53 |
||
| 100 | 1 |
_aPlummer, Desmon _932513 |
|
| 245 | 1 |
_aThe Planning of a New Town; _bData and design based on a study for a new town of 100,000 at hook, hampshire _cDesmon Plummer |
|
| 264 |
_bGrater London Council _c1965 _aLondres |
||
| 300 | _a178 páginas | ||
| 336 |
_atexto _2rdacontent |
||
| 337 |
_asin medio _2rdamedia |
||
| 338 |
_avolumen _2rdacarrier |
||
| 942 |
_2lcc _cB _n1 |
||
| 999 |
_c20340 _d20340 |
||